000 00521nam a2200097Ia 4500
008 170517s9999 xx 000 0 und d
245 4 _aThe Origins of AIDS
300 _aWhile AIDS may be one of the most feared diseases of modern times, there is still a degree of scientific debate over the subject of just how the disease originated, and how the first cases spread. Two filmmakers explore a controversial theory about the beginnings of...
650 _xTechnology.
856 _uhttp://topdocumentaryfilms.com/origins-aids/
999 _c335116
_d335116